000 01008nam a22002537a 4500
005 20120903111527.0
008 120903t xxu||||| |||| 00| 0 eng d
010 _aENG-105759
020 _a9788179103418
_c800.00
035 _aEN-89292
037 _bDBAD/PUB
040 _aDPL
_bEnglish
082 _a823.91
100 _951942
245 _aBooker Prize winner Indian English novels :
_cedited by Arvind M. Nawale [and] Vishwanath Bite
_ba kaleidoscopic study /
260 _aJaipur
_bAavishkar Publishers, Distributors
_c2012
270 _a807, Vyas Building, Chaura Rasta
_bJaipur(Rajasthan)
_e302003
_maavishkarbooks@hotmail.com
300 _axv,228p.
_c23cm(Hb)
500 _aIncludes bibliographical references
700 _aNawale, Arvind M.
_951943
700 _aBite, Vishwanath
_951944
942 _2ddc
_cEN
_h823.91
_mBOO
999 _c69627
_d69627